|
|
|
|
| LEADER |
00000cam a2200000 a 4500 |
| 001 |
54151 |
| 003 |
CZ-ZlUTB |
| 005 |
20190826002020.0 |
| 007 |
ta |
| 008 |
090907s2009 xr a e p 001 0 cze |
| 020 |
|
|
|a 9788072611997
|q (brož.) :
|c Kč 290,00
|
| 035 |
|
|
|a (OCoLC)465278779
|
| 040 |
|
|
|a BOA001
|b cze
|d ABA001
|d ZLD002
|
| 072 |
|
7 |
|a 657
|x Účetnictví
|2 Konspekt
|9 4
|
| 072 |
|
7 |
|a 37.016
|x Učební osnovy. Vyučovací předměty. Učebnice
|2 Konspekt
|9 22
|
| 080 |
|
|
|a 657:005
|2 MRF
|
| 080 |
|
|
|a 005.21
|2 MRF
|
| 080 |
|
|
|a (048.8)
|2 MRF
|
| 080 |
|
|
|a (075.8)
|2 MRF
|
| 100 |
1 |
|
|a Šoljaková, Libuše
|7 jn20010310454
|4 aut
|
| 245 |
1 |
0 |
|a Strategicky zaměřené manažerské účetnictví /
|c Libuše Šoljaková
|
| 246 |
3 |
0 |
|a Manažerské účetnictví
|
| 250 |
|
|
|a Vyd. 1.
|
| 260 |
|
|
|a Praha :
|b Management Press,
|c 2009
|
| 300 |
|
|
|a 206 s. :
|b il. ;
|c 24 cm
|
| 500 |
|
|
|a Pub. vychází jako součást výzkumného projektu Využití nástrojů a metod manažerského účetnictví v rámci Corporate Governance
|
| 504 |
|
|
|a Obsahuje bibliografii, bibliografické odkazy a rejstřík
|
| 650 |
0 |
7 |
|a manažerské účetnictví
|7 ph115220
|2 czenas
|
| 650 |
0 |
7 |
|a strategický management
|7 ph116291
|2 czenas
|
| 650 |
0 |
9 |
|a managerial accounting
|2 eczenas
|
| 650 |
0 |
9 |
|a strategic planning
|2 eczenas
|
| 655 |
|
7 |
|a monografie
|7 fd132842
|2 czenas
|
| 655 |
|
7 |
|a učebnice vysokých škol
|7 fd133772
|2 czenas
|
| 655 |
|
9 |
|a monographs
|2 eczenas
|
| 655 |
|
9 |
|a textbooks (higher)
|2 eczenas
|
| 910 |
|
|
|a ZLD002
|
| 928 |
1 |
|
|a Management Press
|
| 952 |
|
|
|0 0
|1 0
|4 0
|6 657ŠOLJAKOVÁL
|7 0
|8 BOOK
|9 99048
|a UTBZL
|b UTBZL
|c 030
|d 2009-11-30
|l 0
|o 657/ŠOLJAKOVÁ,L.
|p 420010128774
|r 2019-08-26 00:00:00
|v 290.00
|w 2019-08-26
|x N:nákup; | 20100831
|y 05
|
| 952 |
|
|
|0 0
|1 0
|4 0
|6 657ŠOLJAKOVÁL
|7 0
|8 BOOK
|9 99049
|a UTBZL
|b UTBZL
|c 006
|d 2009-11-30
|l 31
|m 2
|o 657/ŠOLJAKOVÁ,L.
|p 420010128775
|r 2022-04-22 00:00:00
|s 2022-02-04
|v 290.00
|w 2019-08-26
|x N:nákup; | 20100831
|y 04
|
| 952 |
|
|
|0 0
|1 0
|4 0
|6 657ŠOLJAKOVÁL
|7 0
|8 BOOK
|9 99050
|a UTBZL
|b UTBZL
|c 006
|d 2009-11-30
|l 34
|m 5
|o 657/ŠOLJAKOVÁ,L.
|p 420010128776
|r 2024-10-21 00:00:00
|s 2024-09-23
|v 290.00
|w 2019-08-26
|x N:nákup;
|y 04
|
| 952 |
|
|
|0 0
|1 0
|4 0
|6 657ŠOLJAKOVÁL
|7 0
|8 BOOK
|9 99051
|a UTBZL
|b UTBZL
|c 006
|d 2014-08-08
|l 16
|m 2
|o 657/ŠOLJAKOVÁ,L.
|p 420010155526
|r 2023-11-14 00:00:00
|s 2023-10-10
|v 299.00
|w 2019-08-26
|x N:nákup, převod z FaMe Chromjaková 26.4.2016; | 20100831
|y 04
|
| 952 |
|
|
|0 0
|1 0
|4 0
|6 657ŠOLJAKOVÁL
|7 0
|8 BOOK
|9 99052
|a UTBZL
|b UTBZL
|c 010
|d 2012-06-14
|l 1
|o 657/ŠOLJAKOVÁ,L.
|p 420010145158
|q 2027-12-22
|r 2019-08-26 00:00:00
|v 299.00
|w 2019-08-26
|x N:nákup | 20100831
|y 08
|
| 952 |
|
|
|0 0
|1 0
|4 0
|6 657ŠOLJAKOVÁL
|7 0
|8 BOOK
|9 99053
|a UTBZL
|b UTBZL
|c 006
|d 2014-08-08
|l 1
|o 657/ŠOLJAKOVÁ,L.
|p 420010155527
|r 2024-05-09 00:00:00
|v 299.00
|w 2019-08-26
|x N:nákup; Převod FaME: Felicita Chromjaková, 3.10.2022 | 20100831
|y 04
|
| 992 |
|
|
|a BK
|b SK
|d 73
|
| 901 |
|
|
|b 9788072611997
|f 1. vyd.
|o 20091113
|
| 998 |
|
|
|a 001993174
|
| 999 |
|
|
|c 54151
|d 54151
|